Eine altindische Syntaxlehre: Devaśarmans Samanvayapradīpa nebst Autokommentar ; Edition, Übersetzung und Studie
| Subtitles: | Devaśarmans Samanvayapradīpa nebst Autokommentar Samanvayapradīpasaṅketa |
|---|---|
| Authors: | ; |
| Contributors: | |
| Format: | Print Book |
| Language: | German Sanskrit |
| Subito Delivery Service: | Order now. |
| Check availability: | HBZ Gateway |
| WorldCat: | WorldCat |
| Interlibrary Loan: | Interlibrary Loan for the Fachinformationsdienste (Specialized Information Services in Germany) |
| Published: |
Aachen
Shaker
2008
|
| In: |
Geisteskultur Indiens (12)
Year: 2008 |
| Series/Journal: | Geisteskultur Indiens
12 |
| Standardized Subjects / Keyword chains: | B
Devaśarman ca. 13./14. Jh.
/ Old Indian
/ Syntax
B Old Indian / Syntax / History 1200-1400 |
| Further subjects: | B
Sanskrit language
Grammar
B Devaśarman B Spring B Thesis |
| Online Access: |
Table of Contents |
MARC
| LEADER | 00000cam a2200000 c 4500 | ||
|---|---|---|---|
| 001 | 587694270 | ||
| 003 | DE-627 | ||
| 005 | 20240421004115.0 | ||
| 007 | tu | ||
| 008 | 081210s2008 gw ||||| m 00| ||ger c | ||
| 020 | |a 9783832276089 |9 978-3-8322-7608-9 | ||
| 035 | |a (DE-627)587694270 | ||
| 035 | |a (DE-576)303463031 | ||
| 035 | |a (DE-599)GBV587694270 | ||
| 035 | |a (OCoLC)300464677 | ||
| 035 | |a (OCoLC)635645712 | ||
| 040 | |a DE-627 |b ger |c DE-627 |e rakwb | ||
| 041 | |a ger |a san | ||
| 044 | |c XA-DE | ||
| 050 | 0 | |a PK663 | |
| 082 | 0 | 4 | |a 490 |
| 084 | |a 6,24 |2 ssgn | ||
| 084 | |a 6,24 |a 0 |2 ssgn | ||
| 084 | |a EU 3530 |2 rvk |0 (DE-625)rvk/161316: | ||
| 084 | |a 18.67 |2 bkl | ||
| 084 | |a 17.52 |2 bkl | ||
| 100 | 0 | |0 (DE-588)137725515 |0 (DE-627)595585663 |0 (DE-576)305070746 |4 aut |a Devaśarman |d ca. 13./14. Jh. | |
| 109 | |a Devaśarman ca. 13./14. Jh. | ||
| 240 | 1 | 0 | |a Samanvayapradīpa <Sanskrit> |
| 245 | 1 | 5 | |a Eine altindische Syntaxlehre |b Devaśarmans Samanvayapradīpa nebst Autokommentar ; Edition, Übersetzung und Studie |c von Oliver Hahn |
| 246 | 3 | 3 | |a Devaśarmans Samanvayapradīpa nebst Autokommentar Samanvayapradīpasaṅketa |
| 264 | 1 | |a Aachen |b Shaker |c 2008 | |
| 300 | |a XVIII S., S. 20 - 287 |b Ill. | ||
| 336 | |a Text |b txt |2 rdacontent | ||
| 337 | |a ohne Hilfsmittel zu benutzen |b n |2 rdamedia | ||
| 338 | |a Band |b nc |2 rdacarrier | ||
| 490 | 1 | |a Geisteskultur Indiens |v 12 |a Texte und Studien | |
| 490 | 0 | |a Indologica Halensis | |
| 500 | |a Sanskrittext in lat. Umschr | ||
| 502 | |a Teilw zugl.: Halle, Martin-Luther-Univ. Halle-Wittenberg, Diss., 2007 u.d.T: Hahn, Oliver: Devaśarmans Samanvayapradīpa nebst Autokommentar Samanvayapradīpasaṅketa | ||
| 505 | 8 | 0 | |t Samanvayapradīpa |r Devaśarman |
| 505 | 8 | 0 | |t Samanvayapradīpasaṅketa |r Devaśarman |
| 546 | |a Einl. dt., Text sanskrit und dt. | ||
| 583 | 1 | |a Archivierung/Langzeitarchivierung gewährleistet |f SSG |x XA-DE-BW |2 pdager |5 DE-21 | |
| 583 | 1 | |a Archivierung/Langzeitarchivierung gewährleistet |f SSG |x XA-DE-BW |2 pdager |5 DE-16-77 | |
| 583 | 1 | |a Archivierung prüfen |c 20240324 |f DE-4165 |z 1 |2 pdager | |
| 600 | 1 | 4 | |a Devaśarman |
| 601 | |a Edition | ||
| 650 | 4 | |a Sanskrit language |x Grammar | |
| 655 | 7 | |a Quelle |0 (DE-588)4135952-5 |0 (DE-627)105661236 |0 (DE-576)209665084 |2 gnd-content | |
| 655 | 7 | |a Hochschulschrift |0 (DE-588)4113937-9 |0 (DE-627)105825778 |0 (DE-576)209480580 |2 gnd-content | |
| 689 | 0 | 0 | |d p |0 (DE-588)137725515 |0 (DE-627)595585663 |0 (DE-576)305070746 |2 gnd |a Devaśarman |d ca. 13./14. Jh. |
| 689 | 0 | 1 | |d s |0 (DE-588)4120115-2 |0 (DE-627)105778761 |0 (DE-576)209532394 |2 gnd |a Altindisch |
| 689 | 0 | 2 | |d s |0 (DE-588)4058779-4 |0 (DE-627)106145924 |0 (DE-576)209127929 |2 gnd |a Syntax |
| 689 | 0 | |5 DE-101 | |
| 689 | 1 | 0 | |d s |0 (DE-588)4120115-2 |0 (DE-627)105778761 |0 (DE-576)209532394 |2 gnd |a Altindisch |
| 689 | 1 | 1 | |d s |0 (DE-588)4058779-4 |0 (DE-627)106145924 |0 (DE-576)209127929 |2 gnd |a Syntax |
| 689 | 1 | 2 | |q z |2 gnd |a Geschichte 1200-1400 |
| 689 | 1 | |5 DE-101 | |
| 700 | 1 | |0 (DE-588)12245717X |0 (DE-627)705915883 |0 (DE-576)171497597 |4 aut |a Hahn, Oliver |d 1971- | |
| 700 | 0 | 2 | |a Devaśarman |t Samanvayapradīpa <Sanskrit> |
| 751 | |a Halle (Saale) |0 (DE-588)4023025-9 |0 (DE-627)104745673 |0 (DE-576)208947132 |4 uvp | ||
| 830 | 0 | |a Geisteskultur Indiens |v 12 |9 1200 |w (DE-627)377342408 |w (DE-576)101051689 |w (DE-600)2133002-5 |x 1619-4470 |7 am | |
| 856 | 4 | 2 | |u http://d-nb.info/991495071/04 |m B:DE-101 |q application/pdf |v 20130501 |x Verlag |3 Inhaltsverzeichnis |7 1 |
| 935 | |i Blocktest | ||
| 936 | r | v | |a EU 3530 |b Primärliteratur |k Allgemeine und vergleichende Sprach- und Literaturwissenschaft. Indogermanistik. Außereuropäische Sprachen und Literaturen |k Indogermanische Sprachwissenschaft und Indologie |k Indische Sprachen und Literaturen |k Altindische Literatur |k Altindische religiöse Literatur (= Literatur des Brahmanismus) |k Wissenschaftliche Literatur |k Śāstras – Texte |k Grammatik und Lexikographie |k Grammatik (Yāska, Pāṇini usw.) |k andere Grammatik-Schulen (Kātantra, Candravyākaraṇa, Sārasvatavyākaraṇa etc.) |k Primärliteratur |0 (DE-627)1664629904 |0 (DE-625)rvk/161316: |
| 936 | b | k | |a 18.67 |j Sanskrit: Sprache und Literatur |0 (DE-627)106423142 |
| 936 | b | k | |a 17.52 |j Syntax |0 (DE-627)106404911 |
| 951 | |a BO | ||
| ELC | |b 1 | ||
| ITA | |a 1 |t 1 | ||
| LOK | |0 000 xxxxxcx a22 zn 4500 | ||
| LOK | |0 001 3213871621 | ||
| LOK | |0 003 DE-627 | ||
| LOK | |0 004 587694270 | ||
| LOK | |0 005 20090508141538 | ||
| LOK | |0 008 090508||||||||||||||||ger||||||| | ||
| LOK | |0 040 |a DE-21 |c DE-627 |d DE-21 | ||
| LOK | |0 852 |a DE-21 | ||
| LOK | |0 852 1 |c 49 A 2627 |9 00 | ||
| LOK | |0 938 |a 0905 |f 19 | ||
| LOK | |0 939 |a 08-05-09 |b l01 | ||
| LOK | |0 000 xxxxxcx a22 zn 4500 | ||
| LOK | |0 001 3213871702 | ||
| LOK | |0 003 DE-627 | ||
| LOK | |0 004 587694270 | ||
| LOK | |0 005 20181210171739 | ||
| LOK | |0 008 141117||||||||||||||||ger||||||| | ||
| LOK | |0 040 |a DE-21-34 |c DE-627 |d DE-21-34 | ||
| LOK | |0 541 |e 170/14 | ||
| LOK | |0 689 |a s |a Sanskrit | ||
| LOK | |0 689 |a s |a Altindisch | ||
| LOK | |0 689 |a s |a Grammatik | ||
| LOK | |0 689 |a s |a Syntax | ||
| LOK | |0 852 |p 605461709906 | ||
| LOK | |0 852 |a DE-21-34 | ||
| LOK | |0 852 1 |c Af 112 |m p |9 00 | ||
| LOK | |0 852 2 |b Indologie |9 00 | ||
| LOK | |0 935 |a indo | ||
| LOK | |0 938 |a 1411 |f Indologie | ||
| LOK | |0 938 |k p | ||
| LOK | |0 939 |a 17-11-14 |b l01 | ||
| ORI | |a SA-MARC-ixtheoa001.raw | ||
| REL | |a 1 | ||
| STA | 0 | 0 | |a Old Indian,Syntax,Sentence construction,Syntax |
| STB | 0 | 0 | |a Indo-aryen ancien,Syntaxe |
| STC | 0 | 0 | |a Sintaxis,Índico antiguo |
| STD | 0 | 0 | |a Antico indiano,Sintassi |
| STE | 0 | 0 | |a 语法,句法 |
| STF | 0 | 0 | |a 語法,句法 |
| STG | 0 | 0 | |a Indiano antigo,Sintaxe |
| STH | 0 | 0 | |a Древнеиндийский (язык),Синтакс |
| STI | 0 | 0 | |a Αρχαία Ινδικά,Σύνταξη |
| SUB | |a REL | ||
| SYG | 0 | 0 | |a Altindoarisch , Satzbau,Satzkonstruktion,Satzlehre , Altindoarisch , Satzbau,Satzkonstruktion,Satzlehre |
| TIM | |a 100012000101_100014001231 |b Geschichte 1200-1400 | ||